书目信息 |
| 题名: |
古代税赋
|
|
| 作者: | 肖东发 主编 ;易述程 编著 | |
| 分册: | ||
| 出版信息: | 北京 现代出版社 2014 |
|
| 页数: | 164页 | |
| 开本: | 23cm | |
| 丛书名: | 中华精神家园 | |
| 单 册: | ||
| 中图分类: | F812.92 | |
| 科图分类: | ||
| 主题词: | 赋税--fu shui--财政史--中国--古代 | |
| 电子资源: | ||
| ISBN: | 978-7-5143-3077-9 | |
| 000 | 00989nam 2200277 450 | |
| 001 | 1778138747 | |
| 005 | 20170405143159.34 | |
| 010 | @a978-7-5143-3077-9@dCNY29.80 | |
| 100 | @a20150714d2014 em y0chiy50 ea | |
| 101 | 0 | @achi |
| 102 | @aCN@b110000 | |
| 105 | @aa z 000yy | |
| 106 | @ar | |
| 200 | 1 | @a古代税赋@Agu dai shui fu@e历代赋税与劳役制度@f肖东发主编@g易述程编著 |
| 210 | @a北京@c现代出版社@d2014 | |
| 215 | @a164页@c图@d23cm | |
| 225 | 2 | @a中华精神家园@Azhong hua jing shen jia yuan@i悠久历史 |
| 330 | @a本书共分为四部分, 主要内容包括: 上古时期 —— 初税亩田、中古时期 —— 赋役成制、近古时期 —— 顺势建制、近世时期 —— 应时改化。 | |
| 410 | 0 | @12001 @a中华精神家园@i悠久历史 |
| 517 | 1 | @a历代赋税与劳役制度@Ali dai fu shui yu lao yi zhi du |
| 606 | 0 | @a赋税@Afu shui@x财政史@y中国@z古代 |
| 690 | @aF812.92@v5 | |
| 701 | 0 | @a肖东发@Axiao dong fa@4主编 |
| 702 | 0 | @a易述程@Ayi shu cheng@4编著 |
| 801 | 0 | @aCN@b人天书店@c20150714 |
| 905 | @aBZT@dF812.92@e1 | |
| 古代税赋:历代赋税与劳役制度/肖东发主编/易述程编著.-北京:现代出版社,2014 |
| 164页:图;23cm.-(中华精神家园.悠久历史) |
| ISBN 978-7-5143-3077-9:CNY29.80 |
| 本书共分为四部分, 主要内容包括: 上古时期 —— 初税亩田、中古时期 —— 赋役成制、近古时期 —— 顺势建制、近世时期 —— 应时改化。 |
| ● |
| 相关链接 |
|
|
|
正题名:古代税赋
索取号:F812.92/1
 
预约/预借
| 序号 | 登录号 | 条形码 | 馆藏地/架位号 | 状态 | 备注 |
| 1 | 826406 | 2000826406 | 第二书库/ [索取号:F812.92/1] | 在馆 | |
| 2 | 826407 | 2000826407 | 第二书库/ [索取号:F812.92/1] | 在馆 | |
| 3 | 826408 | 2000826408 | 第二书库/ [索取号:F812.92/1] | 在馆 |